La deuda externa Argentina (Registro nro. 24850)
[ vista simple ]
| 000 -LEADER | |
|---|---|
| fixed length control field | 00318 a2200109 4500 |
| 001 - CONTROL NUMBER | |
| control field | ART_11007 |
| 005 - DATE AND TIME OF LATEST TRANSACTION | |
| control field | 20260410161849.0 |
| 008 - FIXED-LENGTH DATA ELEMENTS--GENERAL INFORMATION | |
| fixed length control field | 260409a |
| 100 1# - MAIN ENTRY--PERSONAL NAME | |
| Personal name | Rodríguez, Carlos Alfredo |
| 245 10 - TITLE STATEMENT | |
| Title | La deuda externa Argentina |
| 773 0# - HOST ITEM ENTRY | |
| Title | Económica |
| Related parts | - Año XXXII,Nº 2 (jul./dic. 1986) |
| Record control number | REV7541 |
No hay ítems disponibles.